000 00732nam a2200217 a 4500
005 20240308063704.0
008 160922s2015 mx r 000 0 spa d
020 _a9786079475178
035 _aUPN01000213555
049 _aCG
050 4 _aD16
_bA3.7
245 0 0 _aActores sociales y propuestas metodológicas para su análisis histórico /
_ccoord. Yovana Celaya Nández.
260 _aMéxico :
_bInstituto Mora :
_bCONACYT,
_c2015.
300 _a253 p. :
_bcuadros
440 0 _aCuadernos de trabajo de posgrado.
_pMaestría historia moderna y contemporánea
650 2 _aHistoria
_xMetodología
_96995
650 4 _aHistoriografía
_9920
700 1 _aCelaya Nández, Yovana,
_ecoord.
905 _aLibro
999 _c185655
_d185655